Human resource management : (Record no. 346791)
[ view plain ]
| 000 -LEADER | |
|---|---|
| fixed length control field | 01079 a2200229 4500 |
| 020 ## - INTERNATIONAL STANDARD BOOK NUMBER | |
| International Standard Book Number | 0030223776 (hardcover) |
| 020 ## - INTERNATIONAL STANDARD BOOK NUMBER | |
| International Standard Book Number | 9780030223778 (hardcover) |
| 082 04 - DEWEY DECIMAL CLASSIFICATION NUMBER | |
| Classification number | 658.3 |
| 090 ## - LOCALLY ASSIGNED LC-TYPE CALL NUMBER (OCLC); LOCAL CALL NUMBER (RLIN) | |
| -- | 4346 |
| -- | 4346 |
| 100 1# - MAIN ENTRY--PERSONAL NAME | |
| Personal name | Anthony, William P. |
| 245 10 - TITLE STATEMENT | |
| Title | Human resource management : |
| Remainder of title | a strategic approach / |
| Statement of responsibility, etc. | William P. Anthony, Pamela L. Perrewe, K. Michele Kacmar. |
| 250 ## - EDITION STATEMENT | |
| Edition statement | 3rd ed. |
| 260 ## - PUBLICATION, DISTRIBUTION, ETC. | |
| Place of publication, distribution, etc. | [S.l.] : |
| Name of publisher, distributor, etc. | Harcourt Brace College Publishers, |
| Date of publication, distribution, etc. | 1998. |
| 300 ## - PHYSICAL DESCRIPTION | |
| Extent | 904 p. ; |
| Dimensions | 26 cm. |
| 490 1# - SERIES STATEMENT | |
| Series statement | Dryden press series in management. |
| 520 ## - SUMMARY, ETC. | |
| Summary, etc. | Taking a strategic approach to human resource management, this text integrates human resources with other functional areas such as marketing, finance, operations and accounting. It links human resource strategies to corporate strategies, demonstrating how HR fits into an organization. |
| 700 1# - ADDED ENTRY--PERSONAL NAME | |
| Personal name | Perrewe, Pamela L. |
| 700 1# - ADDED ENTRY--PERSONAL NAME | |
| Personal name | Kacmar, K. Michele. |
| 830 #0 - SERIES ADDED ENTRY--UNIFORM TITLE | |
| Uniform title | Dryden press series in management. |
| 856 40 - ELECTRONIC LOCATION AND ACCESS | |
| Materials specified | Amazon.com |
| Uniform Resource Identifier | <a href="http://www.amazon.com/exec/obidos/ASIN/0030223776/chopaconline-20">http://www.amazon.com/exec/obidos/ASIN/0030223776/chopaconline-20</a> |
| 942 ## - ADDED ENTRY ELEMENTS (KOHA) | |
| Institution code [OBSOLETE] | NBS |
| Koha item type | Book |
| Call number prefix | 658.3 ANT |
| Withdrawn status | Lost status | Damaged status | Not for loan | Permanent Location | Current Location | Date acquired | Total Checkouts | Full call number | Barcode | Date last seen | Date last checked out | Price effective from | Koha item type |
|---|---|---|---|---|---|---|---|---|---|---|---|---|---|
| Central Library (CL) | Central Library (CL) | 08/28/2013 | 1 | 658.3 ANT | NBS3816 | 03/24/2019 | 02/06/2019 | 08/28/2013 | Book |
